| 000 | 01111cam a22002894a 4500 | ||
|---|---|---|---|
| 090 | _c0 | ||
| 001 | 15002327 | ||
| 005 | 20080201155213.0 | ||
| 008 | 070911s2008 gw a b 001 0 eng | ||
| 010 | _a 2007937123 | ||
| 020 | _a9783540399681 (hbk. : alk. paper) | ||
| 040 |
_aDLC _cDLC _dDLC |
||
| 050 | 0 | 0 |
_aHG4515 _b.G68 2008 |
| 082 | 0 | 0 |
_a332.67253 _222 _bGOT |
| 100 | 1 | _aGèotze, Uwe. | |
| 245 | 1 | 0 |
_aInvestment appraisal : _bMethods and models / _cUwe Gèotze, Deryl Northcott, Peter Schuster. |
| 260 |
_aBerlin : _bSpringer, _cc2008. |
||
| 300 |
_axv, 391p. : _bill. ; _c24 cm. |
||
| 504 | _aIncludes bibliographical references and index. | ||
| 650 | 0 |
_aInvestments _xDecision making. |
|
| 650 | 0 |
_aBusiness enterprises _xFinance _xDecision making. |
|
| 700 | 1 | _aNorthcott, Deryl. | |
| 700 | 1 | _aSchuster, Peter. | |
| 942 |
_2ddc _cBB |
||
| 999 |
_c10717 _d10717 |
||